|
|
|
|
| LEADER |
00641nab a2200169 i 4500 |
| 001 |
misc3727 |
| 005 |
20191106141847.0 |
| 008 |
170607s1946 hu o 0|| hun d |
| 040 |
|
|
|a SZTE Miscellanea Repozitórium
|b hun
|
| 041 |
|
|
|a hun
|
| 100 |
1 |
|
|a Pálos László Ádám
|
| 245 |
1 |
0 |
|a Háborúk és járványok
|h [elektronikus dokumentum] /
|c Pálos László Ádám
|
| 260 |
|
|
|c 1946
|
| 300 |
|
|
|a 135-138
|
| 490 |
0 |
|
|a Irodalom, tudomány : a Magyar-Szovjet Művelődési Társaság folyóirata
|v 1 No. 6
|
| 695 |
|
|
|a Járványtan tanulmány, Járvány története
|
| 856 |
4 |
0 |
|u http://misc.bibl.u-szeged.hu/3727/1/irtud_006_135-138.pdf
|z Dokumentum-elérés
|